00540nam a2200169 a 4500001001000000003000400010005001700014008004100031020001500072040002500087100003600112245005400148260003700202300002900239500007000268504003200338000038024OSt20201111132047.0130312s2003 dr a 000 0 spa d a9993497304 aDO-SdBNPbspacBNPHU1 aEstrella Veloz, Santiagod1942-10aEcología para todos /cSantiago Estrella Veloz. aSanto Domingo :bDe Luxe,c2003. a196 p. :bils. ;c22 cm. aIncluye datos biográficos del autor en la solapa de la cubierta aBibliografía : p. 190-193